Вып. 9. ... в 1913-14 учебном году; Альбом архитектурных проектов исполненных студентами Института гражданских инженеров Императора Николая I-го

Библиографические подробности
Источник:Альбом архитектурных проектов исполненных студентами Института гражданских инженеров Императора Николая I-го/ Институт гражданских инженеров императора Николая I. Вып. 9. ... в 1913-14 учебном году.— , 1905-
Язык:русский
Опубликовано: 1916
Предметы:
Формат: Книга
Запись в KOHA:https://koha.lib.tpu.ru/cgi-bin/koha/opac-detail.pl?biblionumber=133167

MARC

LEADER 00000nam2a2200000 4500
001 133167
005 20231031135232.0
035 |a (RuTPU)RU\TPU\book\144296 
090 |a 133167 
100 |a 20080313d1916 km y0rusy50 ca 
101 0 |a rus 
102 |a RU 
105 |a af z 000zy 
200 0 |a Вып. 9. ... в 1913-14 учебном году 
210 |d 1916 
215 |a 10 с.  |c [10] л. ил. 
461 1 |0 (RuTPU)RU\TPU\book\165367  |t Альбом архитектурных проектов исполненных студентами Института гражданских инженеров Императора Николая I-го  |f Институт гражданских инженеров императора Николая I  |v Вып. 9. ... в 1913-14 учебном году  |d 1905-  
610 1 |a архитектура 
610 1 |a архитектурные проекты 
610 1 |a дипломные проекты 
610 1 |a студенческие работы 
675 |a 721.011  |v 3 
801 1 |a RU  |b 63413507  |c 20080313  |g PSBO 
801 2 |a RU  |b 63413507  |c 20090203  |g PSBO 
942 |c BK